Taylor Swift - Paroles Back to December - Statistiques

Statistiques générales
  • Ce quiz a été pris 217 fois
  • Le résultat moyen est 380 sur 425
Statistiques - réponses
Hint Réponse % Correct
I
99%
me
99%
so
99%
Refrain So
99%
the
99%
The
99%
to
99%
you
99%
You
99%
your
99%
Your
99%
a
98%
and
98%
And
98%
back
98%
December
98%
December,
98%
go
98%
in
98%
time
98%
all
97%
Couplet 1 I'm
97%
for
96%
is
96%
Is
96%
this
96%
but
95%
But
95%
miss
95%
my
95%
of
95%
then
95%
We
95%
we
95%
ever
94%
good,
94%
good
94%
night
94%
saw
94%
that
94%
front
93%
gave
93%
how
93%
It
93%
it
93%
love
93%
sorry
93%
when
93%
When
93%
right
92%
saying
92%
were
92%
see
91%
smile,
91%
first
90%
Standing
90%
glad
89%
had
89%
I'd
89%
mine
89%
pride
89%
sweet
89%
last
88%
mind
88%
swallowing
88%
what
88%
been
87%
cry
87%
know
87%
skin,
87%
them
87%
haven't
86%
if
86%
Pré-refrain Because
85%
door,
85%
family?
85%
How's
85%
how's
85%
left
85%
life,
85%
made
85%
realized
85%
seen
85%
tan
85%
tell
85%
was
85%
while
85%
why
85%
talk,
84%
turn
84%
You've
84%
nothing
83%
on
83%
September
83%
still
83%
think
83%
understand
83%
loved
82%
roses
82%
Wishing
82%
held
81%
missing
81%
arms
80%
around
80%
change
80%
die
80%
make
80%
small
80%
up
80%
weather
80%
out
79%
thinking
79%
can't
78%
goodbye
78%
busier
77%
Maybe
77%
swear
76%
there
76%
didn't
75%
turns
75%
again
72%
chain
71%
Probably
71%
work
69%
days
68%
about
67%
dreaming
67%
wishful
66%
birthday
65%
cold
65%
beautiful
64%
call
63%
freedom
63%
from
63%
guard
63%
mindless
63%
sleeping
63%
Couplet 2 These
63%
times
63%
passenger
60%
came,
59%
own
59%
ain't
58%
fall
58%
dark
57%
passed
57%
side
57%
summer,
56%
watched
55%
burned
54%
into
43%
laughing
41%
myself
41%
Staying
40%
fear
32%
crept
25%
leaving
25%
playing
24%
Aucun quiz correspondant
Distribution des résultats
% des personnes avec chaque résultat
Percentile par nombre de réponses
Votre historique - résultats
Vous n’avez pas pris ce quiz